Normal view MARC view
  • Communication networks

Entry Topical Term

Number of records used in: 1

001 - CONTROL NUMBER

  • control field: 9783

003 - CONTROL NUMBER IDENTIFIER

  • control field: OSt

005 - DATE AND TIME OF LATEST TRANSACTION

  • control field: 20260210122322.0

008 - FIXED-LENGTH DATA ELEMENTS

  • fixed length control field: 260210|| aca||aabn | a|a d

040 ## - CATALOGING SOURCE

  • Original cataloging agency: OSt
  • Transcribing agency: OSt

150 ## - HEADING--TOPICAL TERM

  • Topical term or geographic name entry element: Communication networks

670 ## - SOURCE DATA FOUND

  • Source citation: Work cat.: (OSt)756042: Handbook of graph theory, 2026